00869cam a2200229Mi 45000010006000000050017000060080041000230350023000640400018000870200015001050200018001200350020001381000027001582450088001852600036002733000021003094400042003305000088003726530033004606530073004936530073005665118320230411090005.0050503s2005 sp 000 0 spa d a(OCoLC)ocm60317392 aPL#bspacPL# a848452342X a9788484523420 a(OCoLC)603173921 aWrong, Michela,d1961-10aTras los pasos del señor Kurtz :bel Congo al borde del colapso /cMichela Wrong. aBarcelona :bIntermón,c2005. a272 p. ;c22 cm. 0aColección Libros de encuentro ;v16 aReferencias bibliográficas . -- Título original: In the footsteps of Mr. Kurtz. aMobutu Sese Seko, 1930- . aCongo (República Democrática)aPolítica y gobiernoa1960-1997. aCongo (República Democrática)aPolítica y gobiernoa1997- .